01390nam a2200265Ia 4500001000600000003000900006008004100015040001300056040001300069041001300082100002000095100002900115245005100144245005100195250001100246260001100257260002000268260004900288300005500337500063600392650002501028650003101053700001101084700002901095H7184IT-RoPAU130308s9999 xx 000 0 und d aIT-RoPAU cIT-RoPAU aITALIANO aLa Cecla Franco gCodice Aut. SPICS: 14851 aSurrogati di presenza. Media e vita quotidiana bSurrogati di Presenza. Media e Vita Quotidiana a1a ed. aMILANO bMondadori Bruno c2006 [1° Ed.:2006 - Ed.Ling.Originale:2006] a"189 p. (prefazione: 5; testo: 184 [pagine: 0-0])" a"Fatti Vivo! Appunti su Media e Presenza. I telefono Portatile: Vieni via con me corpi e telefoni Portatili. Ii Televisione: tv del Rifiuto con Stefano Savona. III Televisione e Culture: in strada a guardare Tv, teorie e Pratiche della Ricezione televisiva con Stefano Savona e Piero Zanini. Iv Pubblicita': Anima nella Pubblicità. V Pornografia: per una Teoria Animista Delsoft Porn con Matteo Pasquinelli. VI Segreti: Segreto. Conclusioni: Epifania Stracciona. Postfazione: infanzia presa Sul Serio ; Dalla Metafisica della presenza Alla presenza Come Trama relazionale di Davide Sparti. Bibliografia. Autori. indice dei Nomi." aSAGGI SUI MASS MEDIA eCodice materia Spics: 6111 aAA.VV. gCodice Aut. SPICS: 12000